<The> Risk factors of treasury policy in non-financial companies

Analýza rizikových faktorov v nefinančných spoločnostiach. Riadenie finančných prostriedkov, tvorba a správa zásad a postupov, ktoré zaistia spoločnosť a spravujú finančné riziko úspešne. Hlavné funkcie správy pokladnice pred finančnými rizikami.

Gespeichert in:
Bibliographische Detailangaben
1. Verfasser: Kubranová, Magdaléna, 1956-
Format: Buchkapitel
Sprache:Englisch
Schlagworte:
Tags: Tag hinzufügen
Keine Tags, Fügen Sie das erste Tag hinzu!

MARC

LEADER 00000nla a2200000 4500
001 0221061
005 20240502073630.8
041 0 |a eng 
044 |a SK 
245 1 0 |a <The> Risk factors of treasury policy in non-financial companies  |c Magdaléna Kubranová 
520 |a Analýza rizikových faktorov v nefinančných spoločnostiach. Riadenie finančných prostriedkov, tvorba a správa zásad a postupov, ktoré zaistia spoločnosť a spravujú finančné riziko úspešne. Hlavné funkcie správy pokladnice pred finančnými rizikami. 
610 2 0 |a financie podnikové 
610 2 0 |a organizácie nefinančné 
610 2 0 |a pokladnica 
610 2 0 |a disciplína finančná 
610 2 0 |a riadenie finančné 
610 2 0 |a riziko finančné 
610 2 0 |a tolerancia 
100 1 |a Kubranová, Magdaléna, 1956-